Nghiên cứu xây dựng chiến lược phòng ngừa rủi ro về giá đối với một số sản phẩm chủ lực trên địa bàn tỉnh Kon Tum : Đề tài nghiên cứu khoa học cấp Tỉnh

में बचाया:
ग्रंथसूची विवरण
मुख्य लेखक: Nguyễn Thị Mỹ Linh
स्वरूप: Đề tài khoa học
भाषा:Undetermined
प्रकाशित: Trường Đại học Công nghiệp Tp. Hồ Chí Minh 2014
विषय:
टैग : टैग जोड़ें
कोई टैग नहीं, इस रिकॉर्ड को टैग करने वाले पहले व्यक्ति बनें!
Thư viện lưu trữ: Trung tâm Thư viện - Trường Đại học Công nghiệp TP. Hồ Chí Minh
LEADER 00756nam a2200157Ia 4500
001 UIH_00584
008 230809s9999 xx 000 0 und d
082 |a 338.52 
100 |a Nguyễn Thị Mỹ Linh 
245 0 |a Nghiên cứu xây dựng chiến lược phòng ngừa rủi ro về giá đối với một số sản phẩm chủ lực trên địa bàn tỉnh Kon Tum : Đề tài nghiên cứu khoa học cấp Tỉnh 
245 0 |c Nguyễn Thị Mỹ Linh 
260 |b Trường Đại học Công nghiệp Tp. Hồ Chí Minh 
260 |c 2014 
650 |a Giá cả; 
927 |a Đề tài khoa học 
980 |a Trung tâm Thư viện - Trường Đại học Công nghiệp TP. Hồ Chí Minh